| 000 | 00454nam a2200181Ia 4500 | ||
|---|---|---|---|
| 005 | 20250423101545.0 | ||
| 008 | 250422s9999 xx 000 0 und d | ||
| 020 | _a817409220 | ||
| 050 | _aHE 333 .K33/ | ||
| 100 | _aKadiyali, L.R. | ||
| 245 | 0 | _aTraffic engineering and transport planning | |
| 260 | _aNew Delhi | ||
| 260 | _bKhanna Publishers | ||
| 260 | _c2015 | ||
| 300 | _a913 p | ||
| 650 | _a Traffic engineering. Land use. | ||
| 942 | _cBK | ||
| 999 |
_c36633 _d36633 |
||